000 01760nam a2200217 i 4500
001 34758
003 ES-MaACL
005 20251003164856.0
007 t|
008 211216m19021910fr b |||| | fre d
100 1 _aGilliéron, Jules,
_d1854-1926
_956976
245 1 0 _aAtlas linguistique de la France.
_nFasc. 1-35, Cartes n° 1 à 1920 /
_cpubl. par J. Gilliéron et E. Edmont.
260 _aParis :
_bH. Champion,
_c1902-1910.
300 _a35 fasc. (1920 mapas) ;
_c64 x 53 cm.
500 _aCada fascículo con mapas numerados.
505 8 _aContiene: Fasc.1: nº 5- 44 b -- Fasc. 2. nº 45- 91 - Fasc. 3: nº 92-139 -- Fasc. 4: nº 140-157 -- Fasc. 5: nº: 158-235 -- Fasc. 6: nº: 236-283 -- Fasc.7: nº 284-330 -- Fasc. 8: nº: 331-376 -- Fasc. 9: nº 377-423 -- Fasc. 10: nº 424-468 -- Fasc.11: nº.469-515 -- Fasc. 12: nº. 516-561 -- Fasc. 13: nº 562-606 -- Fasc.14: nº 607-654 A -- Fasc.15: nº. 654B-702 -- Fasc.16 nº. 703-751 -- Fasc.17 nº 752-797 A -- Fasc.18 nº. 797 B-842 -- Fasc.19 nº. 843-889 -- Fasc. 20 nº. 890-936 -- Fasc. 21: nº. 937-985 -- Fasc. 22: nº 986-1033 -- Fasc. 23: nº. 1034-1075 -- Fasc. 24: nº 1076-1123 -- Fasc. 25: nº 1124-1171 -- Fasc. 26: nº 1172-1216 -- Fasc. 27 FALTA -- Fasc. 28 nº 1287-1310 (faltan 1308-1309) -- Fasc. 29: nº 1311-1356 -- Fasc. 30: nº. 1357-1399 -- Fasc. 31 nº 1400-1471 -- Fasc. 32: nº. 1500-1569 (faltan 1472-1499) -- Fasc. 33: nº. 1570-1659 -- Fasc. 34: nº. 1660-1747 -- Fasc. 35: nº 1748-1920.
650 4 _aLengua francesa-
_xDialectos-
_vAtlas.
_9161452
700 1 _aEdmont, Edmond,
_d1849-1926
_9161451
852 _aES-MaACL
_jZ-509(1)
_q- Falta fasc. 1 (mapa 1-5); Fasc. 27; Fasc. 28 (mapas 1308-1309); Fasc. 32 (mapas 1472-1499)
999 _c34758
_d34758